| 000 | 00350nam a2200145Ia 4500 | ||
|---|---|---|---|
| 008 | 150301s2013 xx 000 0 und d | ||
| 082 |
_a610.7367 _bD13K |
||
| 100 | _aKONAR, HIRALAL | ||
| 245 | _aDC. DUTTA'S TB. OF GYNECOLOGY | ||
| 250 | _a6TH | ||
| 260 |
_bJAYPEE MEDICAL PUB. _c2013 |
||
| 300 | _a686 | ||
| 650 | _aGYNECOLOGY | ||
| 942 |
_2ddc _cBK _04 |
||
| 999 |
_c6860 _d6860 |
||